Os três mosqueteiros (Record no. 75243)

MARC details
000 -LÍDER
campo de controle de tamanho fixo 01244 a2200277 4500
001 - NÚMERO DE CONTROLE
campo de controle 75243
020 ## - ISBN - INTERNATIONAL STANDARD BOOK NUMBER
ISBN - International Standard Book Number 9788516096496
041 ## - CÓDIGO DE IDIOMA
Código do idioma do texto/trilha sonora ou título diferente por
082 ## - CDD - CLASSIFICAÇÃO DECIMAL DE DEWEY
Número de Classificação 398
040 ## - FONTE DA CATALOGAÇÃO
Instituição da catalogação original BR-BrIDEA
Instituição que transcreveu o registro BR-BrIDEA
090 ## - NÚMERO DE CHAMADA LOCAL
Número de chamada (OCLC) (R); Número de chamada, CALL (RLIN) (NR) P Year 4 398
Número Cutter local (OCLC); Número de classificação do livro, CALL (RLIN) BAN
100 ## - ENTRADA PRINCIPAL--NOME PESSOAL
Nome pessoal Bandeira, Pedro
Datas associadas ao nome 1942
250 ## - EDIÇÃO
Edição 2. ed.
245 10 - TÍTULO
Título Os três mosqueteiros
Indicação de responsabilidade, etc. Pedro Bandeira ; recriação da obra de Alexandre Dumas ; ilustrações Alberto Pez
260 ## - PUBLICAÇÃO, DISTRIBUIÇÃO, ETC.
Local de publicação, distribuição, etc. São Paulo, SP
Nome do editor, distribuidor, etc. Moderna
Data da publicação, distribuição, etc. 2015
300 ## - DESCRIÇÃO FÍSICA
Extensão 112 p.
490 ## - TÍTULO DA SÉRIE
Título da série Deixa que eu conto
520 ## - NOTA DE RESUMO, ETC
Resumo, etc. Esta é a mais famosa e mirabolante aventura de capa e espada do mundo! Quatro amigos, Dartanhan, Athos, Porthos e Aramis, agem como se fossem uma turma de adolescentes maluquinhos, sempre enfrentando os mais tremendos perigos, e sempre vencendo, com sua coragem, honestidade, patriotismo, mas, principalmente com sua incrível habilidade com a espada! E a coisa ainda fica mais acessível, mais irreverente e engraçada com o texto ágil e criativo de Pedro Bandeira.
521 ## - NOTA DO PÚBLICO ALVO
Nota de público alvo Year 4
697 ## - ENTRADA DE ASSUNTO LOCAL--ENTIDADE COLETIVA (RLIN)
Nome corporativo ou nome da jurisdição Fairy tales.
697 ## - ENTRADA DE ASSUNTO LOCAL--ENTIDADE COLETIVA (RLIN)
Nome corporativo ou nome da jurisdição Literatura infanto-juvenil
700 ## - ENTRADA ADICIONADA - NOME PESSOAL
Nome pessoal Dumas, Alexandre, 1802-1870.
-- Pez, Alberto
Relacionamento ilustrador
830 ## - ENTRADA SECUNDÁRIA DE SÉRIE--TÍTULO UNIFORME
Título uniforme Deixa que eu conto
856 ## - LOCALIZAÇÃO ELETRÔNICA E ACESSO
Uniform Resource Identifier <a href="000001/000001f4.jpg">000001/000001f4.jpg</a>
942 ## - ELEMENTOS DE ENTRADA ADICIONADOS (KOHA)
Tipo de material Koha Livros
Holdings
Situação do descarte Situação das perdas Situação física Não pode ser emprestado Biblioteca de origem Biblioteca atual Data de aquisição Total de empréstimos Número de chamada completo Código de barras Data de último acesso Data do preço efetivo Tipo de material Koha Fonte da classificação ou esquema de arquivamento na estante Data do último empréstimo
        Colégio São Paulo Colégio São Paulo 22/11/2023   LJ 028.5 B214o 6608/CSP 22/11/2023 22/11/2023 Livros    
        Colégio São Paulo Colégio São Paulo 22/11/2023   LJ 028.5 B214o 6609/CSP 22/11/2023 22/11/2023 Livros    
        ECB - SUDOESTE ECB - SUDOESTE 23/12/2019   P Year 4 398 BAN 00046871SSW 23/01/2024 23/01/2024 Livros Classificação Decimal de Dewey  
        ECB - SUDOESTE ECB - SUDOESTE 23/12/2019   P Year 4 398 BAN 00046872SSW 23/01/2024 23/01/2024 Livros Classificação Decimal de Dewey  
        ECB - SUDOESTE ECB - SUDOESTE 23/12/2019   P Year 4 398 BAN 00046873SSW 23/01/2024 23/01/2024 Livros Classificação Decimal de Dewey  
        ECB - SUDOESTE ECB - SUDOESTE 13/01/2020   P Year 4 398 BAN 00047302SSW 23/01/2024 23/01/2024 Livros Classificação Decimal de Dewey  
        ECB - SUDOESTE ECB - SUDOESTE 13/01/2020   P Year 4 398 BAN 00047303SSW 23/01/2024 23/01/2024 Livros Classificação Decimal de Dewey  
        ECB - SUDOESTE ECB - SUDOESTE 13/01/2020   P Year 4 398 BAN 00047304SSW 23/01/2024 23/01/2024 Livros Classificação Decimal de Dewey  
        ECB - ÁGUAS CLARAS ECB - ÁGUAS CLARAS 03/11/2020 1 AP Year 4 398 BAN 00050359AGC 27/03/2024 23/01/2024 Livros Classificação Decimal de Dewey 07/02/2024
        ECB - ÁGUAS CLARAS ECB - ÁGUAS CLARAS 03/11/2020 4 AP Year 4 398 BAN 00050360AGC 15/05/2024 23/01/2024 Livros Classificação Decimal de Dewey 29/04/2024
        ECB - ÁGUAS CLARAS ECB - ÁGUAS CLARAS 03/11/2020 1 AP Year 4 398 BAN 00050361AGC 27/03/2024 23/01/2024 Livros Classificação Decimal de Dewey 07/02/2024
        ECB - ÁGUAS CLARAS ECB - ÁGUAS CLARAS 03/11/2020 1 AP Year 4 398 BAN 00050362AGC 27/03/2024 23/01/2024 Livros Classificação Decimal de Dewey 07/02/2024